000 00732nam a2200241Ii 4500
999 _c9401
_d9401
001 5140229
003 OCoLC
005 20210113155104.0
008 790705s1977 xx 000 0 eng u
010 _a77083569
020 _a0842358935
040 _beng
_erda
_cCLE
_dSTU
090 _aBV4501.2
_b.N44
100 1 _aNee, Watchman.
_0http://id.loc.gov/authorities/names/n50028389
245 1 0 _aSit, walk, stand /
_cWatchman Nee.
264 1 _aWheaton, Ill. :
_bTyndale House,
_c1977.
300 _a78 pages ;
_c18 cm
336 _atext
_btxt
_2rdacontent
337 _aunmediated
_bn
_2rdamedia
338 _avolume
_bnc
_2rdacarrier
650 0 _aChristian life.
_0http://id.loc.gov/authorities/subjects/sh85025095
942 _2ddc
_cBK